Диалектная вариативность английского языка: аспекты теории

Chi tiết về thư mục
Tác giả chính: Бродович О. И. Ольга Игоревна
Ngôn ngữ:Tiếng Nga
Được phát hành: Ленинград, Изд-во Ленинградского ун-та, 1988
Những chủ đề:
Định dạng: Sách
KOHA link:https://koha.lib.tpu.ru/cgi-bin/koha/opac-detail.pl?biblionumber=374306

MARC

LEADER 00000nam0a2200000 4500
001 374306
005 20231102012636.0
010 |a 5288001012 
035 |a (RuTPU)RU\TPU\retro\31740 
035 |a RU\TPU\book\271229 
090 |a 374306 
100 |a 20221219d1988 k y0rusy50 ca 
101 0 |a rus 
102 |a RU 
105 |a y z 000zy 
200 1 |a Диалектная вариативность английского языка: аспекты теории  |f О. И. Бродович 
210 |a Ленинград  |c Изд-во Ленинградского ун-та  |d 1988 
215 |a 196 с. 
606 1 |a Английский язык  |2 stltpush  |3 (RuTPU)RU\TPU\subj\29049  |9 52461 
610 1 |a языковые единицы 
610 1 |a вариативность 
610 1 |a диалекты 
686 |a Ш143.21  |2 rubbk 
700 1 |a Бродович  |b О. И.  |g Ольга Игоревна 
801 1 |a RU  |b 63413507  |c 20140109 
801 2 |a RU  |b 63413507  |c 20221219  |g RCR 
942 |c BK